000 003060000a22001330004500
005 20120302064149.0
942 _cBOOK
100 _a Swami Tejomayananda
245 _a You ask he answer
260 _aMumbai:Central chinmaya mission trust,2004.
300 _a88p..-ill
040 _aEng
365 _b50/-
999 _c361444
_d361441